00689 2200217 4500001002100000005001700021008004100038020001600079035002400095040001200119082001200131090002100143245010700164260002700271300002400298500004800322650004200370700002500412850001200437990002200449YOGYA-0209000004542320090227030903.0 ind  a979-763-692 0010-020900000045423 aYOPDYOG a005.365 aDEP 005.365bSpe aSPECIAL workshopbmembuat presentasi interaktif dengan makromedia flash 8ceditor, Dhewiberta Hardjono aYogyakartabAndic2007 a40 hlmbilusc21 cm aBekerjasama dengan wahana komputer Semarang aMacromedia flash 8 (program komputer) aHardjono, Dhewiberta aYOPDYOG aCB-D.11 2007-080h